000 00521nam a2200205Ia 4500
003 GCL
008 140319s9999 xx 000 0 eng d
040 _aGCL /
_cGCL
082 0 4 _a843
_bC M
100 1 _aCHATEAUBRIAND
245 1 0 _aMEMOIRES DE MARIE /
_cCHATEAUBRIAND
260 _a[S.N] :
_bLIBRAIRE GENERALE FRANCAISE ،
_c1993
300 _a277 P
490 _aLE LIVRE DE POCHE
_v0
650 0 4 _aLITERATURE
650 0 4 _aTEXTILE
650 0 4 _aFRENCH ESSAYS
650 0 4 _aFRENCH LITERATURE
942 _2ddc
_cBK
999 _c23421
_d23421